[Event "Douglas Major & Minor op"]
[Site "Douglas"]
[Date "2023.11.03"]
[Round "7"]
[White "Woodard, Brian Robert"]
[Black "Griffin, John P"]
[Result "1-0"]
[WhiteElo "1649"]
[BlackElo "1646"]
[PlyCount "55"]
[EventDate "2023.10.28"]
[EventType "swiss"]
[EventRounds "7"]
[EventCountry "IOM"]
[SourceTitle "CB46_2023"]
[SourceDate "2023.11.15"]
[SourceVersion "1"]
[SourceVersionDate "2023.11.15"]
[SourceQuality "1"]

1. d4 e6 2. Nf3 d5 3. Bf4 Bd6 4. Bg3 c5 5. c3 Nf6 6. e3 Nc6 7. Nbd2 Ng4 8. Bb5 a6 9. Ba4 0-0 10. Bc2 Re8 11. Bxd6 Qxd6 12. Bxh7+ Kh8 13. Ng5 Nh6 14. Bc2 e5 15. dxe5 Rxe5 16. Nc4 Qe7 17. Nxe5 Qxg5 18. Qd3 Bf5 19. Nxf7+ Nxf7 20. Qxf5 Qxf5 21. Bxf5 Nfe5 22. 0-0 Re8 23. Rad1 g6 24. Bc2 Ne7 25. e4 Rd8 26. exd5 Rxd5 27. Rxd5 Nxd5 28. Re1 1-0

[Event "Douglas Major & Minor op"]
[Site "Douglas"]
[Date "2023.11.02"]
[Round "6"]
[White "Griffin, John P"]
[Black "Armstrong, Chris"]
[Result "1/2-1/2"]
[WhiteElo "1646"]
[BlackElo "1485"]
[PlyCount "107"]
[EventDate "2023.10.28"]
[EventType "swiss"]
[EventRounds "7"]
[EventCountry "IOM"]
[SourceTitle "CB46_2023"]
[SourceDate "2023.11.15"]
[SourceVersion "1"]
[SourceVersionDate "2023.11.15"]
[SourceQuality "1"]

1. e4 e6 2. d4 d5 3. exd5 exd5 4. Bd3 Nc6 5. c3 Bd6 6. Ne2 Nge7 7. 0-0 Be6 8. Bf4 Qd7 9. Re1 0-0-0 10. Na3 a6 11. Qc2 Ng6 12. Bxd6 Qxd6 13. c4 Nb4 14. Qc3 Nxd3 15. Qxd3 dxc4 16. Nxc4 Bxc4 17. Qxc4 Qd5 18. Rac1 Qxc4 19. Rxc4 Rhe8 20. Kf1 c6 21. Nc3 Rxe1+ 22. Kxe1 Ne7 23. a4 Nd5 24. Nxd5 Rxd5 25. Ke2 Kd7 26. Ke3 b5 27. Rc5 Kd6 28. axb5 axb5 29. b4 Rxc5 30. dxc5+ Ke5 31. h3 h6 32. f4+ Kd5 33. Kd3 f5 34. g3 g6 35. g4 fxg4 36. hxg4 h5 37. f5 h4 38. fxg6 Ke6 39. g7 Kf7 40. Ke3 Kxg7 41. Kf4 Kg6 42. g5 h3 43. Kg3 Kxg5 44. Kxh3 Kf4 45. Kh4 Ke4 46. Kg5 Kd4 47. Kf5 Kc4 48. Ke6 Kxb4 49. Kd6 Ka3 50. Kxc6 b4 51. Kd6 b3 52. c6 b2 53. c7 b1Q 54. c8Q 1/2-1/2

[Event "BCF-chT3N 1617 (4NCL)"]
[Site "England"]
[Date "2017.02.12"]
[Round "6.26"]
[White "Emmerton, Stephen J"]
[Black "Griffin, John P"]
[Result "0-1"]
[WhiteElo "1777"]
[BlackElo "1622"]
[PlyCount "92"]
[EventDate "2016.11.26"]
[EventType "team-swiss"]
[EventRounds "11"]
[EventCountry "ENG"]
[SourceTitle "EXT 2019"]
[Source "ChessBase"]
[SourceDate "2018.10.10"]
[SourceVersion "1"]
[SourceVersionDate "2018.10.10"]
[SourceQuality "1"]
[WhiteTeam "Cheddleton II"]
[BlackTeam "Manx Liberty"]
[WhiteTeamCountry "ENG"]
[BlackTeamCountry "IOM"]

1. e4 e6 2. d4 d5 3. Nd2 c5 4. c3 Nc6 5. Ngf3 Qb6 6. exd5 exd5 7. Nb3 c4 8. Nbd2 Bd6 9. Be2 Nf6 10. 0-0 0-0 11. h3 Qc7 12. Re1 Bd7 13. Nf1 b5 14. Ne3 Ne4 15. Nxd5 Qc8 16. Bf4 Bxh3 17. Bxd6 Nxd6 18. gxh3 Qxh3 19. Bf1 Qg4+ 20. Bg2 Rae8 21. Rxe8 Rxe8 22. Ne3 Qh5 23. Nh2 Qg6 24. Qg4 Qxg4 25. Nhxg4 Nd8 26. Kf1 f5 27. Ne5 f4 28. Bd5+ Ne6 29. Bxe6+ Rxe6 30. Nd5 g5 31. Re1 h5 32. Nd7 Rxe1+ 33. Kxe1 h4 34. N7f6+ Kf7 35. Ke2 a5 36. Kf3 b4 37. cxb4 axb4 38. Ne4 Ke6 39. Nxb4 Nxe4 40. Kxe4 h3 41. d5+ Kd6 42. Kf3 g4+ 43. Kxf4 h2 44. Kxg4 h1Q 45. f4 Qg2+ 46. Kh5 Qxb2 0-1

[Event "BCF-chT3Nb 1516 (4NCL)"]
[Site "England"]
[Date "2016.03.19"]
[Round "7.120"]
[White "Griffin, John P"]
[Black "Connor, Stephen J"]
[Result "0-1"]
[WhiteElo "1622"]
[BlackElo "2011"]
[PlyCount "46"]
[EventDate "2015.11.14"]
[EventType "team-swiss"]
[EventRounds "7"]
[EventCountry "ENG"]
[SourceTitle "EXT 2017"]
[Source "ChessBase"]
[SourceDate "2016.10.25"]
[SourceVersion "1"]
[SourceVersionDate "2016.10.25"]
[SourceQuality "1"]
[WhiteTeam "Manx Ravens"]
[BlackTeam "Spirit of Atticus II"]
[WhiteTeamCountry "ENG"]
[BlackTeamCountry "ENG"]

1. e4 c5 2. Nf3 d6 3. d4 cxd4 4. Nxd4 Nf6 5. Nc3 a6 6. h3 e6 7. Be3 Be7 8. Qd2 Qc7 9. Bg5 Nbd7 10. Nb3 b5 11. f3 Bb7 12. a3 0-0 13. 0-0-0 Rfd8 14. g4 Ne5 15. Qe3 Rac8 16. h4 Nc4 17. Qe2 Nxa3 18. h5 Nxe4 19. fxe4 Bxg5+ 20. Nd2 b4 21. bxa3 Qxc3 22. Kb1 Qxc2+ 23. Ka1 Bf6+ 0-1

[Event "IECG CP.2006.P.00035 email"]
[Site "IECG email"]
[Date "2006.10.01"]
[Round "?"]
[White "Brousek, Jiri"]
[Black "Griffin, John P"]
[Result "1-0"]
[WhiteElo "2328"]
[BlackElo "800"]
[PlyCount "33"]
[EventDate "2006.10.01"]
[EventType "tourn (corr)"]
[EventRounds "6"]
[SourceTitle "Corr 2011"]
[Source "ChessBase"]
[SourceDate "2010.08.31"]
[SourceVersion "1"]
[SourceVersionDate "2010.08.31"]
[SourceQuality "1"]

1. d4 Nf6 2. Nf3 e6 3. e3 Nc6 4. c4 Bd6 5. Bd3 0-0 6. 0-0 Nb4 7. Be2 a5 8. Nc3 c5 9. e4 Ng4 10. h3 Nh2 11. Nxh2 Qc7 12. Nf3 Ra6 13. d5 a4 14. a3 f5 15. Nb5 Qa5 16. axb4 Qxb4 17. dxe6 1-0

[Event "Lansing op"]
[Site "Lansing"]
[Date "2004.09.05"]
[Round "4"]
[White "Griffin, John P"]
[Black "Kelly, James E"]
[Result "0-1"]
[WhiteElo "1500"]
[BlackElo "1567"]
[PlyCount "102"]
[EventDate "2004.09.03"]
[EventType "swiss"]
[EventRounds "7"]
[EventCountry "USA"]
[SourceTitle "EXT 2007"]
[Source "ChessBase"]
[SourceDate "2006.11.23"]
[SourceVersion "1"]
[SourceVersionDate "2006.11.23"]
[SourceQuality "1"]

1. d4 d5 2. c4 e5 3. dxe5 d4 4. Nf3 Nc6 5. Nbd2 Bf5 6. a3 Nge7 7. Nb3 Ng6 8. Nbxd4 Nxd4 9. Qxd4 Qe7 10. e3 c5 11. Qd6 Qxd6 12. exd6 Bxd6 13. Be2 0-0-0 14. 0-0 Rd7 15. Bd2 Rhd8 16. b4 Bg4 17. bxc5 Bxf3 18. Bxf3 Bxc5 19. Bb4 Bxb4 20. axb4 Kb8 21. Rfd1 Ne5 22. Rxd7 Rxd7 23. Bd5 f6 24. e4 Nd3 25. Rb1 Nf4 26. Rd1 Ng6 27. Kf1 Ne5 28. Ke2 h6 29. h3 g5 30. f3 Kc7 31. Ra1 a6 32. Ra2 Re7 33. Rc2 Ng6 34. g3 f5 35. Kf2 f4 36. c5 Ne5 37. Rd2 Rd7 38. gxf4 gxf4 39. Ke2 Rg7 40. Kf2 Rg3 41. Be6 Rxf3+ 42. Kg2 Re3 43. Bf5 Nd3 44. Rd1 f3+ 45. Kf1 Ne5 46. Rd5 Nd3 47. Rd7+ Kb8 48. Kg1 f2+ 49. Kh2 f1Q 50. Rd8+ Ka7 51. h4 Qf2+ 0-1

[Event "Lansing op"]
[Site "Lansing"]
[Date "2004.09.04"]
[Round "3"]
[White "Grzegorczyk, Ron"]
[Black "Griffin, John P"]
[Result "1-0"]
[WhiteElo "1616"]
[BlackElo "1500"]
[PlyCount "73"]
[EventDate "2004.09.03"]
[EventType "swiss"]
[EventRounds "7"]
[EventCountry "USA"]
[SourceTitle "EXT 2007"]
[Source "ChessBase"]
[SourceDate "2006.11.23"]
[SourceVersion "1"]
[SourceVersionDate "2006.11.23"]
[SourceQuality "1"]

1. e4 c5 2. Nf3 Nc6 3. d4 cxd4 4. Nxd4 e5 5. Nb5 d6 6. N1c3 a6 7. Na3 b5 8. Nd5 Be7 9. c4 b4 10. Nc2 Rb8 11. b3 Nf6 12. Bd3 Nd7 13. 0-0 Nc5 14. f4 0-0 15. f5 Bg5 16. Rf3 Bxc1 17. Rxc1 f6 18. Rg3 Nxd3 19. Qxd3 Ne7 20. Nce3 a5 21. Kh1 Nxd5 22. Nxd5 Rb7 23. Rd1 Rd7 24. h4 Kh8 25. Qe2 Bb7 26. Rgd3 Qb8 27. Nb6 Rdd8 28. Qd2 Bxe4 29. Rxd6 Rxd6 30. Qxd6 Bxf5 31. c5 h6 32. c6 Rg8 33. c7 Qb7 34. Nd5 Ra8 35. Nxf6 Bh3 36. Qd8+ Rxd8 37. cxd8Q# 1-0

[Event "Kalamazoo op1"]
[Site "Kalamazoo"]
[Date "2003.08.29"]
[Round "1.5"]
[White "Dorrington, Eldon"]
[Black "Griffin, John P"]
[Result "1-0"]
[WhiteElo "1650"]
[BlackElo "1500"]
[PlyCount "109"]
[EventDate "2003.08.29"]
[EventType "swiss"]
[EventRounds "7"]
[EventCountry "USA"]
[SourceTitle "EXT 2007"]
[Source "ChessBase"]
[SourceDate "2006.11.23"]
[SourceVersion "1"]
[SourceVersionDate "2006.11.23"]
[SourceQuality "1"]

1. c4 c5 2. Nc3 Nf6 3. g3 d5 4. cxd5 Nxd5 5. Bg2 Nc7 6. Qb3 Nc6 7. Nf3 Rb8 8. 0-0 Be6 9. Qd1 f6 10. Na4 b6 11. e3 Bf7 12. d4 cxd4 13. Nxd4 Nxd4 14. exd4 Bd5 15. Bxd5 Qxd5 16. Nc3 Qd7 17. Be3 e6 18. Qh5+ Qf7 19. Qd1 Bd6 20. Qa4+ b5 21. Qxa7 0-0 22. Ne4 Ra8 23. Nxd6 Rxa7 24. Nxf7 Kxf7 25. d5 Ra6 26. dxe6+ Nxe6 27. Rfd1 Rd8 28. Rxd8 Nxd8 29. Rd1 Ne6 30. a3 Rc6 31. Rd7+ Ke8 32. Rb7 Nc7 33. Bf4 Ne6 34. Rxb5 g5 35. Be3 Nc7 36. Rb8+ Kf7 37. a4 Nd5 38. Rb5 Ke6 39. a5 h5 40. Bc5 h4 41. Kg2 Kf5 42. f3 Re6 43. Bd4 Rd6 44. a6 Kg6 45. a7 Nc7 46. Bf2 Ra6 47. Rb7 Na8 48. b4 Ra2 49. gxh4 gxh4 50. h3 Kf5 51. b5 Kf4 52. b6 Nxb6 53. Rxb6 f5 54. Rb8 Rxa7 55. Bxa7 1-0

[Event "Auburn Hills op"]
[Site "Auburn Hills"]
[Date "2003.04.26"]
[Round "1"]
[White "Griffin, John P"]
[Black "Almasy, Roy"]
[Result "0-1"]
[WhiteElo "1503"]
[BlackElo "1429"]
[PlyCount "49"]
[EventDate "2003.04.26"]
[EventType "swiss"]
[EventRounds "5"]
[EventCountry "USA"]
[SourceTitle "EXT 2007"]
[Source "ChessBase"]
[SourceDate "2006.11.23"]
[SourceVersion "1"]
[SourceVersionDate "2006.11.23"]
[SourceQuality "1"]

1. d4 d5 2. c4 e6 3. Nf3 Nc6 4. e3 Nf6 5. Nc3 Bb4 6. Qc2 Ne4 7. a3 Bxc3+ 8. bxc3 0-0 9. Nd2 f5 10. cxd5 exd5 11. c4 Be6 12. cxd5 Bxd5 13. Nxe4 fxe4 14. g3 Qf6 15. Bg2 Kh8 16. 0-0 Rae8 17. Rb1 b6 18. Rb5 Qe6 19. Rb2 Nd8 20. Qd1 Rf3 21. h3 Nf7 22. Bxf3 exf3 23. Kh2 Ng5 24. g4 Qh6 25. Qxf3 0-1

[Event "Lansing op"]
[Site "Lansing"]
[Date "2002.08.30"]
[Round "1"]
[White "Griffin, John P"]
[Black "Gregory, Kevin"]
[Result "1/2-1/2"]
[WhiteElo "1500"]
[BlackElo "1770"]
[PlyCount "79"]
[EventDate "2002.08.30"]
[EventType "swiss"]
[EventRounds "7"]
[EventCountry "USA"]
[SourceTitle "EXT 2007"]
[Source "ChessBase"]
[SourceDate "2006.11.23"]
[SourceVersion "1"]
[SourceVersionDate "2006.11.23"]
[SourceQuality "1"]

1. d4 d5 2. c4 e6 3. Nf3 c6 4. e3 f5 5. Nbd2 Nf6 6. g3 Bd6 7. Bg2 0-0 8. 0-0 Nbd7 9. b3 Ne4 10. Bb2 Qe7 11. c5 Bc7 12. Qc2 Ndf6 13. b4 a6 14. Nxe4 fxe4 15. Ne5 Bd7 16. f4 Bxe5 17. fxe5 Ng4 18. Qe2 Qg5 19. Rf4 Rxf4 20. exf4 Qg6 21. Bh3 Nh6 22. Rf1 Rf8 23. Kf2 Be8 24. Ke1 Nf7 25. Qg4 Qxg4 26. Bxg4 Nd8 27. f5 exf5 28. Bxf5 Bf7 29. Bc8 Be6 30. Rxf8+ Kxf8 31. Bxe6 Nxe6 32. Ke2 Kf7 33. Ke3 Kg6 34. Bc3 Kh5 35. h3 Kg5 36. Be1 h5 37. a4 Kh6 38. Bf2 g5 39. Ke2 h4 40. Ke3 1/2-1/2

[Event "Detroit op"]
[Site "Detroit"]
[Date "2002.05.26"]
[Round "4"]
[White "Griffin, John P"]
[Black "Brooks, Randall"]
[Result "1-0"]
[WhiteElo "1513"]
[BlackElo "783"]
[PlyCount "101"]
[EventDate "2002.05.25"]
[EventType "swiss"]
[EventRounds "5"]
[EventCountry "USA"]
[SourceTitle "EXT 2007"]
[Source "ChessBase"]
[SourceDate "2006.11.23"]
[SourceVersion "1"]
[SourceVersionDate "2006.11.23"]
[SourceQuality "1"]

1. d4 d5 2. c4 c6 3. Nf3 Nf6 4. e3 e6 5. b3 Ne4 6. Qc2 f5 7. a3 c5 8. Nbd2 Nc6 9. cxd5 exd5 10. dxc5 Nxc5 11. b4 Ne4 12. Bb2 Qe7 13. Bb5 Bd7 14. 0-0 Rc8 15. Qd1 a6 16. Bxc6 Bxc6 17. Rc1 Qe6 18. Nd4 Qd7 19. Nxe4 fxe4 20. Nxc6 bxc6 21. Qh5+ Qf7 22. Qxf7+ Kxf7 23. f3 exf3 24. Rxf3+ Ke8 25. Bd4 Rg8 26. Rcf1 Be7 27. Rf7 c5 28. Bxc5 Bxc5 29. bxc5 Rxc5 30. Ra7 Kd8 31. Rb1 Re8 32. Rb8+ Rc8 33. Rxc8+ Kxc8 34. Kf2 Rf8+ 35. Ke2 Rf6 36. Rxg7 Rg6 37. Rxg6 hxg6 38. Kd3 Kd7 39. Kd4 Ke6 40. h4 a5 41. a4 Kd6 42. g4 Ke6 43. h5 gxh5 44. gxh5 Kf5 45. Kxd5 Kg5 46. e4 Kxh5 47. e5 Kg6 48. Kd6 Kf7 49. Kd7 Kf8 50. e6 Kg7 51. e7 1-0

[Event "Lansing op"]
[Site "Lansing"]
[Date "2001.09.01"]
[Round "3"]
[White "Cox, Nick"]
[Black "Griffin, John P"]
[Result "1/2-1/2"]
[WhiteElo "1393"]
[BlackElo "1561"]
[PlyCount "92"]
[EventDate "2001.08.31"]
[EventType "swiss"]
[EventRounds "7"]
[EventCountry "USA"]
[SourceTitle "EXT 2007"]
[Source "ChessBase"]
[SourceDate "2006.11.23"]
[SourceVersion "1"]
[SourceVersionDate "2006.11.23"]
[SourceQuality "1"]

1. e4 c5 2. Nf3 Nc6 3. d4 cxd4 4. Nxd4 e5 5. Nb5 d6 6. N1c3 a6 7. Na3 b5 8. Nd5 Nge7 9. Be3 Nxd5 10. Qxd5 Qc7 11. Be2 Be6 12. Qd2 Be7 13. 0-0 0-0 14. c3 f5 15. f3 fxe4 16. fxe4 Rxf1+ 17. Rxf1 Rf8 18. c4 b4 19. Nc2 a5 20. b3 Qd8 21. Rd1 Bf7 22. Bf3 Qb8 23. Bg5 Bxg5 24. Qxg5 Qb6+ 25. Qe3 Qxe3+ 26. Nxe3 Nd4 27. Nf5 Nxf5 28. exf5 Rd8 29. Bd5 Kf8 30. Kf2 Bh5 31. Rd2 Ke7 32. h3 Be8 33. Kf3 g6 34. fxg6 Bxg6 35. g4 Rf8+ 36. Ke3 h6 37. Be4 Rf6 38. Bxg6 Rxg6 39. Rd5 h5 40. Rxa5 hxg4 41. hxg4 Rxg4 42. Rb5 Rg2 43. Rxb4 Rxa2 44. Rb7+ Kd8 45. b4 Kc8 46. Rb5 Kc7 1/2-1/2

[Event "Kalamazoo op"]
[Site "Kalamazoo"]
[Date "2001.07.28"]
[Round "2"]
[White "Skidmore, Mike"]
[Black "Griffin, John P"]
[Result "1-0"]
[WhiteElo "1811"]
[BlackElo "1592"]
[PlyCount "99"]
[EventDate "2001.07.28"]
[EventType "swiss"]
[EventRounds "5"]
[EventCountry "USA"]
[SourceTitle "EXT 2007"]
[Source "ChessBase"]
[SourceDate "2006.11.23"]
[SourceVersion "1"]
[SourceVersionDate "2006.11.23"]
[SourceQuality "1"]

1. e4 c5 2. Nf3 Nc6 3. Bb5 d6 4. 0-0 Bd7 5. c3 Nf6 6. d3 e6 7. Ba4 Be7 8. Re1 a6 9. Nbd2 0-0 10. Nf1 Ne5 11. Bc2 Nxf3+ 12. Qxf3 Qc7 13. Bg5 Bc6 14. Qe2 Rfe8 15. Rac1 Nd7 16. Bxe7 Rxe7 17. Ng3 Rae8 18. Nh5 g6 19. Ng3 d5 20. e5 f6 21. d4 cxd4 22. cxd4 Qb6 23. exf6 Nxf6 24. Qe5 Nd7 25. Qg5 Qxd4 26. Nf5 exf5 27. Rxe7 Nf6 28. Rxe8+ Bxe8 29. Bxf5 Ne4 30. Be6+ Kh8 31. Qe7 Qxf2+ 32. Kh1 Bc6 33. Qd8+ Kg7 34. Qg8+ Kh6 35. Bxd5 Bxd5 36. Qxd5 Qf4 37. Qc4 Qe3 38. h3 Nf2+ 39. Kh2 Qe5+ 40. Kg1 Ne4 41. Re1 Qc5+ 42. Qxc5 Nxc5 43. Re7 b5 44. b4 Nd3 45. a3 Nb2 46. Re6 a5 47. bxa5 Nc4 48. a6 Nxa3 49. a7 b4 50. a8Q 1-0

[Event "Kalamazoo op07"]
[Site "Kalamazoo"]
[Date "2000.07.29"]
[Round "1"]
[White "Griffin, John P"]
[Black "Decker, James"]
[Result "1-0"]
[WhiteElo "1500"]
[BlackElo "625"]
[PlyCount "57"]
[EventDate "2000.07.29"]
[EventType "swiss"]
[EventRounds "5"]
[EventCountry "USA"]
[SourceTitle "EXT 2007"]
[Source "ChessBase"]
[SourceDate "2006.11.23"]
[SourceVersion "1"]
[SourceVersionDate "2006.11.23"]
[SourceQuality "1"]

1. d4 Nf6 2. c4 g6 3. Nc3 Bg7 4. e4 0-0 5. Be2 d6 6. Nf3 Re8 7. 0-0 b6 8. Rb1 Bb7 9. d5 e6 10. Qc2 exd5 11. cxd5 Nbd7 12. b4 Ne5 13. Nxe5 Rxe5 14. f3 Re7 15. Nb5 Qd7 16. Bg5 c6 17. dxc6 Bxc6 18. Nd4 Rc8 19. Rfc1 Ree8 20. Nxc6 Re6 21. Ne7+ Rxe7 22. Qxc8+ Re8 23. Qxd7 Nxd7 24. Rc7 Nb8 25. Rbc1 Bd4+ 26. Kf1 Na6 27. Rxa7 Re5 28. Bf6 h6 29. Rc8+ 1-0

[Event "Kalamazoo op01"]
[Site "Kalamazoo"]
[Date "2000.01.22"]
[Round "2"]
[White "Griffin, John P"]
[Black "Worley, Ron"]
[Result "1-0"]
[WhiteElo "1500"]
[BlackElo "1358"]
[PlyCount "108"]
[EventDate "2000.01.22"]
[EventType "swiss"]
[EventRounds "3"]
[EventCountry "USA"]
[SourceTitle "EXT 2007"]
[Source "ChessBase"]
[SourceDate "2006.11.23"]
[SourceVersion "1"]
[SourceVersionDate "2006.11.23"]
[SourceQuality "1"]

1. d4 f5 2. g3 Nf6 3. c4 e6 4. Bg2 d5 5. Nf3 Be7 6. 0-0 0-0 7. b3 c6 8. Ba3 Bxa3 9. Nxa3 Qe7 10. Nb1 Nbd7 11. Nbd2 e5 12. dxe5 Nxe5 13. Nxe5 Qxe5 14. Nf3 Qe7 15. cxd5 Nxd5 16. e3 Be6 17. Qc1 Rad8 18. Qb2 Qf6 19. Qxf6 Nxf6 20. Rfd1 Ne4 21. Kf1 Rd5 22. Rxd5 Bxd5 23. Rd1 Rd8 24. Ke1 Nc3 25. Rd2 Re8 26. Nh4 Bxg2 27. Nxg2 Nd5 28. Kd1 g5 29. a3 Rd8 30. Kc2 Rd7 31. f3 Re7 32. Rd3 b5 33. Kd2 a5 34. h4 h6 35. hxg5 hxg5 36. Ne1 Kf7 37. Nc2 Kf6 38. Rd4 Ke6 39. e4 fxe4 40. Rxe4+ Kf5 41. Nd4+ Kf6 42. Rxe7 Nxe7 43. Kd3 Ke5 44. a4 b4 45. Kc4 Kd6 46. Ne2 Ng6 47. f4 gxf4 48. gxf4 Ne7 49. Ng3 Nd5 50. Ne4+ Kc7 51. Nc5 Nxf4 52. Ne4 Kb6 53. Nd6 Nd5 54. Ne8 Ne3+ 1-0

[Event "Kalamazoo op01"]
[Site "Kalamazoo"]
[Date "2000.01.22"]
[Round "1"]
[White "Henkel, Scott"]
[Black "Griffin, John P"]
[Result "0-1"]
[WhiteElo "1264"]
[BlackElo "1500"]
[PlyCount "120"]
[EventDate "2000.01.22"]
[EventType "swiss"]
[EventRounds "3"]
[EventCountry "USA"]
[SourceTitle "EXT 2007"]
[Source "ChessBase"]
[SourceDate "2006.11.23"]
[SourceVersion "1"]
[SourceVersionDate "2006.11.23"]
[SourceQuality "1"]

1. b4 Nf6 2. Bb2 d5 3. b5 b6 4. e3 a5 5. a4 g6 6. Nc3 Bg7 7. Nf3 0-0 8. d4 Ne4 9. Nxe4 dxe4 10. Ng5 Bb7 11. c4 h6 12. Nh3 c5 13. Nf4 Nd7 14. h4 e5 15. dxe5 Nxe5 16. Qc2 Qc7 17. Nd5 Bxd5 18. cxd5 Nd3+ 19. Bxd3 Bxb2 20. Qxb2 exd3 21. Qd2 c4 22. 0-0 Qe5 23. e4 Qxe4 24. Qxh6 Qxd5 25. Qe3 Qe6 26. Qd2 Qf6 27. Rac1 Rac8 28. Rfe1 Qxh4 29. Re3 Qg5 30. Qc3 Rfe8 31. Rh3 Qe5 32. Qd2 Qg7 33. g3 Re2 34. Qxd3 cxd3 35. Rxc8+ Qf8 36. Rxf8+ Kxf8 37. Kf1 Ra2 38. Rh4 Ke7 39. Rd4 d2 40. f3 Ke6 41. Ke2 Ke5 42. Rxd2 Rxd2+ 43. Kxd2 Kd4 44. g4 Kc4 45. g5 Kb4 46. Kd3 Kxa4 47. Kc4 Ka3 48. Kc3 a4 49. Kc4 Kb2 50. Kd5 a3 51. Kc6 a2 52. Kxb6 a1Q 53. Kb7 Kc3 54. b6 Kd4 55. Kb8 Ke3 56. b7 Kxf3 57. Kc8 Qc3+ 58. Kb8 Kf4 59. Ka8 Qe5 60. b8Q Qxb8+ 0-1

[Event "Grand Masters/Experts-ch"]
[Site "Lansing"]
[Date "1999.01.09"]
[Round "1"]
[White "Belill, Nathan"]
[Black "Griffin, John P"]
[Result "1-0"]
[WhiteElo "1605"]
[BlackElo "1605"]
[PlyCount "119"]
[EventDate "1999.??.??"]
[EventType "swiss"]
[EventRounds "5"]
[EventCountry "USA"]
[SourceTitle "EXT 2007"]
[Source "ChessBase"]
[SourceDate "2006.11.23"]
[SourceVersion "1"]
[SourceVersionDate "2006.11.23"]
[SourceQuality "1"]

1. e4 c5 2. Nf3 Nc6 3. d4 cxd4 4. Nxd4 Nf6 5. Nc3 e5 6. Ndb5 d6 7. Nd5 Nxd5 8. exd5 Nb8 9. Be3 a6 10. Nc3 Be7 11. Bd3 0-0 12. a4 f5 13. a5 f4 14. Bd2 Nd7 15. Ne4 Nf6 16. Nxf6+ Rxf6 17. c4 Bf5 18. Bxf5 Rxf5 19. Qc2 Rf7 20. Ra3 Qc7 21. Rh3 g6 22. 0-0 Rc8 23. b3 Qd7 24. Qe4 Qf5 25. Qxf5 Rxf5 26. Re1 Rb8 27. Rf3 b6 28. axb6 Rxb6 29. b4 Bf8 30. Ra3 g5 31. Rea1 Rf7 32. Rxa6 Rbb7 33. Rc6 Ra7 34. Raa6 e4 35. b5 e3 36. Be1 g4 37. Rxa7 Rxa7 38. Ra6 Rc7 39. Ra4 Rb7 40. fxe3 fxe3 41. Kf1 Bg7 42. Ke2 Bd4 43. Bg3 Rf7 44. Ra6 Bc5 45. Ra1 Kg7 46. Rb1 Ra7 47. Rb2 Kf6 48. Bf4 Kf5 49. Bxe3 Bxe3 50. Kxe3 Ke5 51. b6 Rb7 52. g3 h6 53. Kd3 Kf6 54. Kd4 Ke7 55. c5 dxc5+ 56. Kxc5 Kd7 57. Ra2 Rb8 58. Ra7+ Kc8 59. Kc6 Kd8 60. b7 1-0

[Event "Grand Masters/Experts-ch"]
[Site "Lansing"]
[Date "1999.01.09"]
[Round "2"]
[White "Griffin, John P"]
[Black "Burnham, Kim"]
[Result "1-0"]
[WhiteElo "1605"]
[BlackElo "1605"]
[PlyCount "41"]
[EventDate "1999.??.??"]
[EventType "swiss"]
[EventRounds "5"]
[EventCountry "USA"]
[SourceTitle "EXT 2007"]
[Source "ChessBase"]
[SourceDate "2006.11.23"]
[SourceVersion "1"]
[SourceVersionDate "2006.11.23"]
[SourceQuality "1"]

1. d4 Nf6 2. c4 e6 3. g3 Bb4+ 4. Nc3 0-0 5. Bg2 d5 6. a3 Bxc3+ 7. bxc3 Nc6 8. Nf3 dxc4 9. 0-0 a5 10. Ne5 Nxe5 11. dxe5 Nd7 12. f4 a4 13. Be3 Qe7 14. Qb1 Rb8 15. Qb5 Nb6 16. Bxb6 cxb6 17. Qxc4 Bd7 18. Rfd1 Rfc8 19. Qb4 Qc5+ 20. Qxc5 Rxc5 21. Rxd7 1-0